Unemployment, trickle down effects and regional income disparities.

Uvedenie dvojoblastného modelu špecifických faktorov v prípade nezamestnanosti. Skúmanie dlhodobých účinkov akumulácie faktorov na celkovú zamestnanosť, celkový príjem a príjem na 1 obyvateľa v dvoch oblastiach. Demonštrovanie vplyvu rastu akumulácie na nerovnováhu príjmov v ekonomike postihnutej ne...

Descripción completa

Guardado en:
Detalles Bibliográficos
Autor principal: Beladi, H.
Formato: Capítulo de libro
Lenguaje:inglés
Materias:
Etiquetas: Agregar Etiqueta
Sin Etiquetas, Sea el primero en etiquetar este registro!

MARC

LEADER 00000naa a2200000 4500
001 r004437
005 20220819194823.0
041 0 |a eng 
044 |a NL 
245 1 0 |a Unemployment, trickle down effects and regional income disparities.  |c H. Beladi 
520 |a Uvedenie dvojoblastného modelu špecifických faktorov v prípade nezamestnanosti. Skúmanie dlhodobých účinkov akumulácie faktorov na celkovú zamestnanosť, celkový príjem a príjem na 1 obyvateľa v dvoch oblastiach. Demonštrovanie vplyvu rastu akumulácie na nerovnováhu príjmov v ekonomike postihnutej nezamestnanosťou. 
610 2 0 |a nezamestnanosť 
610 2 0 |a modely dvojsektorové 
610 2 0 |a príjmy obyvateľstva 
610 2 0 |a príjmy osobné 
610 2 0 |a akumulácia 
610 2 0 |a subvencie 
100 1 |a Beladi, H.